| 000 | 00362nam a2200157Ia 4500 | ||
|---|---|---|---|
| 003 | OSt | ||
| 005 | 20240130110013.0 | ||
| 008 | 170523s9999 xx 000 0 und d | ||
| 020 | _a978-9353676261 | ||
| 040 | _ciimt university meerut | ||
| 100 | _aMISHRA- PURI | ||
| 245 | 0 | _aINDIAN ECONOMIC | |
| 260 | _bHIMALAYA PUBLICATION | ||
| 260 | _c1995 | ||
| 942 |
_2ddc _c02 |
||
| 999 |
_c192 _d192 |
||